Amor y pedagogía

Enregistré dans:
Détails bibliographiques
Auteur principal: Unamuno, Miguel de (Auteur)
Format: Livre
Langue:espagnol
Publié: Madrid Magisterio Español 1967
Édition:3a. ed
Collection:Sección Literatura. Serie Literatura Española. Novela. Siglo XX
Sujets:
Tags: Ajouter un tag
Pas de tags, Soyez le premier à ajouter un tag!

MARC

LEADER 00000nam a2200000 a 4500
001 UCQ2020
003 CL-VaPUC
008 980721e19670000SP |||||||||||||||||spa|d
082 0 4 |a 863  |b UNA  |2 21 
100 0 |a Unamuno, Miguel de  |e author  |9 312478 
245 1 0 |a Amor y pedagogía 
246 1 0 |a Tres novelas ejemplares y un prólogo 
250 |a 3a. ed 
300 |a 330 p 
942 |c BK 
945 |d 19980721 00:00:00  |a lriquelm 
260 |a Madrid  |b Magisterio Español  |c 1967 
650 0 |a Ensayos españoles  |9 313128 
650 0 |a Novelas españolas  |9 265052 
650 0 |a Literatura española  |9 306261 
583 |a last modification  |c 19980721 00:00:00  |k Rodrigo Vera 
490 0 |a Sección Literatura. Serie Literatura Española. Novela. Siglo XX 
999 |c 272862  |d 272860 
952 |0 0  |1 0  |4 0  |6 863_000000000000000_UNA_1967  |7 0  |8 A  |9 308061  |a BIBEDU  |b BIBEDU  |d 2019-11-20  |i 1440543  |o 863 UNA 1967  |p 1440543  |r 2019-11-20  |w 2019-11-20  |y BK  |k LIT